000 00579nam a2200229Ia 4500
003 OSt
005 20220918200855.0
006 a|||||r|||| 00| 0
007 ta
008 220917b |||||||| |||| 00| 0 eng d
024 _a90,639
037 _cTextual
040 _aARTS
_cARTS
_beng
041 _2eng
_aeng
082 _aVaN7, L5 (BB)
100 _aWaserman Manfred comp
_995865
245 0 _aBibliography on oral history
260 _c1975
650 _aHISTORY
942 _hVaN7, L5 (BB)
_cTEXL
_2CC
999 _c214300
_d214300